Central Library OPAC University of Rajshahi

রামনারায়ণ তর্করত্ন রচনাবলী / (Record no. 41248)

MARC details
000 -LEADER
fixed length control field 01112nam a2200253 a 4500
001 - CONTROL NUMBER
control field 41248
003 - CONTROL NUMBER IDENTIFIER
rucl marc code BD-RjUL
005 - DATE AND TIME OF LATEST TRANSACTION
control field 20211209053343.0
008 - FIXED-LENGTH DATA ELEMENTS--GENERAL INFORMATION
fixed length control field 160518s1991 ii ||||| |||| 00| d ben d
020 ## - INTERNATIONAL STANDARD BOOK NUMBER
Terms of availability : Tk. 250.00
035 ## - SYSTEM CONTROL NUMBER
System control number (BD-RjUL) 41365
040 ## - CATALOGING SOURCE
Original cataloging agency BD-RjUL
Language of cataloging ben
Transcribing agency BD-RjUL
041 ## - LANGUAGE CODE
Language code of text/sound track or separate title ben
082 ## - DEWEY DECIMAL CLASSIFICATION NUMBER
Edition number 23
Classification number 891.44208
Author mark and year TAR 1991
100 1# - MAIN ENTRY--PERSONAL NAME
Personal name তর্করত্ন, রামনারায়ণ
9 (RLIN) 126956
245 10 - TITLE STATEMENT
Title রামনারায়ণ তর্করত্ন রচনাবলী /
Statement of responsibility, etc. রামনারায়ণ তর্করত্ন ; অজিতকুমার ঘোষ ; সন্ধ্যা বকসী, সম্পাদক
260 ## - PUBLICATION, DISTRIBUTION, ETC. (IMPRINT)
Place of publication, distribution, etc. কলকাতা :
Name of publisher, distributor, etc. সাহিতলোক,
Date of publication, distribution, etc. ১৯৯১
300 ## - PHYSICAL DESCRIPTION
Pagination [৭২], ৬৮১ পৃ. ;
Size ২১ সেমি.
650 ## - SUBJECT ADDED ENTRY--TOPICAL TERM
Topical term or geographic name as entry element বাংলা নাটক
General subdivision সংগ্রহ
9 (RLIN) 126906
Topical term or geographic name as entry element Bengali Drama
General subdivision Collection
9 (RLIN) 126907
700 ## - ADDED ENTRY--PERSONAL NAME
Personal name ঘোষ, অজিতকুমার
Personal name বকসী, সন্ধ্যা, সম্পাদক
942 ## - ADDED ENTRY ELEMENTS (KOHA)
Source of classification or shelving scheme Dewey Decimal Classification
Koha item type Books
Holdings
Lost status Source of classification or shelving scheme Damaged status Not for loan Collection code Permanent Location Current Location Shelving location Date acquired Source of acquisition Cost, normal purchase price Total Checkouts Full call number Date last seen Copy number Koha item type
  Dewey Decimal Classification     Non-fiction Central Library, University of Rajshahi Central Library, University of Rajshahi   20/11/2005 Paragon Enterprise Lit., Dhaka 250.00   B 891.44208 TAR 1991 18/05/2016 C-2 Books
  Dewey Decimal Classification   Not For Loan Non-fiction Central Library, University of Rajshahi Central Library, University of Rajshahi Reading Room 05/11/2005 Paragon Enterprise Lit., Dhaka 250.00   B 891.44208 TAR 1991 28/12/2020 C-1 Books